000
00325nam a2200133Ia 4500
008
240624s9999 xx 000 0 und d
041
_a
eng
082
_a
658.81 ZIG
100
_a
ZIGLAR ZIG
245
_a
SECRETS OF CLOSING THE SALE
260
_c
2016
_a
Mumbai
_b
Embassy Books
300
_a
424 p.; 23 cm.
365
_c
RS
_b
25
999
_c
31888
_d
31888